[Event "WYCC 2018 O16"]
[Site "Halkidiki"]
[Date "2018.10.22"]
[Round "4"]
[White "Talukdar, Rohan"]
[Black "Triantos, Konstantinos"]
[Result "1-0"]
[WhiteElo "2279"]
[BlackElo "2002"]
[Annotator "NA"]
[PlyCount "91"]
[EventDate "2018.10.20"]
[EventType "swiss"]
[EventCountry "GRE"]
[SourceTitle "playchess.com"]
[Source "ChessBase"]
[SourceQuality "1"]
[TimeControl "40/5400+30:1800+30"]

1. e4 {[%emt 0:00:00]} c5 {[%emt 0:00:00]} 2. Nf3 {[%emt 0:00:00]} d6 {[%emt 0:00:00]} 3. d4 {[%emt 0:00:00]} cxd4 {[%emt 0:00:00]} 4. Nxd4 {[%emt 0:00:00]} Nf6 {[%emt 0:00:00]} 5. Nc3 {[%emt 0:00:00]} a6 {[%emt 0:00:00]} 6. Be3 {[%emt 0:00:24]} e5 {[%emt 0:01:05]} 7. Nb3 {[%emt 0:00:18]} Be7 {[%emt 0:07:41]} 8. f3 {[%emt 0:00:15]} Be6 {[%emt 0:00:33]} 9. Qd2 {[%emt 0:00:32]} Nbd7 {[%emt 0:00:42]} 10. g4 {[%emt 0:01:35]} O-O {[%emt 0:02:08]} 11. O-O-O {[%emt 0:00:53]} b5 {[%emt 0:00:15]} 12. g5 {[%emt 0:00:43]} b4 {[%emt 0:00:37]} 13. Ne2 {[%emt 0:07:26]} Ne8 {[%emt 0:00:16]} 14. f4 {[%emt 0:00:48]} a5 {[%emt 0:00:16] LiveBook: 781 Games} 15. f5 {[%emt 0:00:10]} Bxb3 {[%emt 0:00:08]} 16. cxb3 {[%emt 0:01:35]} a4 {[%emt 0:00:09]} 17. bxa4 {[%emt 0:00:08]} Rxa4 {[%emt 0:00:25]} 18. Kb1 {[%emt 0:00:04]} Rxa2 {[%emt 0:00:11]} 19. Nc1 {[%emt 0:00:01]} Ra8 {[%emt 0:23:34]} 20. Nb3 {[%emt 0:01:29]} Qb8 {[%emt 0:20:16]} 21. Bc4 {[%emt 0:10:16]} Nb6 {[%emt 0:10:38]} 22. Bxb6 {[%emt 0:16:49]} Qxb6 {[%emt 0:00:07]} 23. h4 {[%emt 0:06:24]} Qa7 {[%emt 0:07:07]} 24. Rh3 {[%emt 0:11:18]} Qa2+ {[%emt 0:03:11]} 25. Kc2 {[%emt 0:01:27]} Rc8 {[%emt 0:06:19]} 26. Ra1 {[%emt 0:03:50]} Rxc4+ {[%emt 0:00:10]} 27. Kd1 {[%emt 0:00:05]} Qxa1+ {[%emt 0:00:09]} 28. Nxa1 {[%emt 0:00:03]} Rxe4 {[%emt 0:02:39]} 29. Nc2 {[%emt 0:03:02]} d5 {[%emt 0:08:04]} 30. Qxd5 {[%emt 0:03:47]} Nd6 {[%emt 0:00:02]} 31. Re3 {[%emt 0:07:58]} Rd8 {[%emt 0:02:11]} 32. Ke1 {[%emt 0:00:05]} b3 {[%emt 0:04:00]} 33. Qxb3 {[%emt 0:07:54]} Rxh4 {[%emt 0:00:13]} 34. g6 {[%emt 0:00:01]} Bf6 {[%emt 0:02:20]} 35. Rd3 {[%emt 0:01:14]} hxg6 {[%emt 0:01:20]} 36. fxg6 {[%emt 0:00:00]} Rf4 {[%emt 0:00:21]} 37. Ne3 {[%emt 0:03:20]} Rd4 {[%emt 0:00:46]} 38. Rc3 {[%emt 0:00:59]} Ne4 {[%emt 0:00:31]} 39. Qxf7+ {[%emt 0:04:13]} Kh8 {[%emt 0:00:01]} 40. Rc2 {[%emt 0:00:00]} Bh4+ {[%emt 0:00:00]} 41. Kf1 {[%emt 0:02:21]} Nd2+ {[%emt 0:12:35]} 42. Ke2 {[%emt 0:08:59]} Bg5 {[%emt 0:15:39]} 43. Rc7 {[%emt 0:04:28]} Bf6 {[%emt 0:00:19]} 44. Qe6 {[%emt 0:01:30]} Rh4 {[%emt 0:04:29]} 45. Rc8 {[%emt 0:02:44]} Rhd4 {[%emt 0:00:24]} 46. Qe8+ {[%emt 0:00:09]} 1-0

[Event "WYCC 2018 O16"]
[Site "Halkidiki"]
[Date "2018.10.22"]
[Round "4"]
[White "Loiacono, Leonardo"]
[Black "Koustav Chatterjee"]
[Result "1-0"]
[WhiteElo "2277"]
[BlackElo "2344"]
[Annotator "TA"]
[PlyCount "183"]
[EventDate "2018.10.20"]
[EventType "swiss"]
[EventCountry "GRE"]
[SourceTitle "playchess.com"]
[Source "ChessBase"]
[SourceQuality "1"]

{[%evp 25,183,0,11,0,4,0,2,0,0,-11,-14,-12,0,0,0,0,12,10,33,29,29,23,43,14,35,22,22,0,9,10,10,11,11,0,7,6,4,4,11,14,16,16,22,0,0,0,0,0,0,0,0,0,8,8,2,0,9,8,6,8,7,-18,-19,-24,-12,-35,0,0,0,0,0,0,41,39,49,52,79,52,205,212,226,208,198,218,207,207,214,215,191,170,410,408,408,402,395,411,511,386,398,380,491,485,610,604,619,589,654,643,818,710,775,703,723,435,399,412,354,261,236,212,456,0,0,0,0,0,0,0,8,8,544,43,43,43,43,16,5591,5077,29979,29977,29976,10663,9988,5089,5807,4241,29951,29948,29948,29958,29959,29960,29954,29951,12847,12018,8502,7438,4627,4610]} 1. d4 Nf6 2. c4 e6 3. Nc3 d5 4. cxd5 exd5 5. Bg5 Be7 6. e3 c6 7. Qc2 O-O 8. Bd3 Nbd7 {[%cal Bb8d7,Bd7f8,Bf8e6][%mdl 32]} 9. Nf3 Re8 10. O-O Nf8 11. h3 g6 12. Bf4 {D36: Queen's Gambit Declined: Exchange Variation: Main line (5 Bg5 c6 6 Qc2)} Ne6 13. Be5 Ng7 {LiveBook: 7 Games} 14. Qb3 $146 {The position is equal.} ({Predecessor:} 14. Rab1 Bf5 15. b4 Rc8 16. Rfd1 a6 17. Na4 Bd6 18. Nc5 Rc7 19. a4 Bxd3 20. Qxd3 Bxe5 21. Nxe5 {½-½ (30) Saduakassova,D (2470)-Bindrich,F (2605) Caleta 2018}) 14... Nd7 15. Bh2 Nb6 16. Rfc1 a5 17. Na4 Nxa4 18. Qxa4 Qb6 19. Qb3 Qb4 20. Bf1 Nh5 21. Ne1 a4 22. Qxb4 Bxb4 23. Nd3 Bf8 24. Be5 Be7 25. Be2 Ng7 26. Bg4 Bxg4 (26... Bf5 {is more complex.} 27. Be2 f6 28. Bh2 Ne6 29. Rd1 Be4) 27. hxg4 f6 28. Bh2 Ra5 29. Rc2 Bf8 30. Re1 Rb5 31. f3 Ne6 32. Kf2 c5 33. dxc5 Nxc5 34. Rd1 Nxd3+ 35. Rxd3 Re6 36. b3 axb3 37. axb3 Rc6 38. Rcd2 Rcb6 39. Bc7 Rc6 40. Bf4 g5 41. Bg3 Rcc5 42. Bb8 Kf7 43. Ra2 Rc1 44. Rb2 Bb4 45. Ke2 d4 46. exd4 (46. Rxd4 Bc3 $17) 46... Ra5 {Threatens to win with ...Bc3.} 47. Rd1 Rxd1 48. Kxd1 $11 {[%mdl 4096] Endgame KRB-KRB} Ra1+ 49. Ke2 Ke6 50. Rc2 Kd5 51. Rc7 Ra2+ $2 (51... Rb1 $14) 52. Kd3 $18 Rd2+ 53. Ke3 Rb2 54. Rd7+ ({Not} 54. Rxh7 Rxb3+ 55. Kf2 b5 $11) 54... Kc6 55. Rxh7 Kd5 56. Rd7+ ({Don't play} 56. Rxb7 $6 Rxb3+ 57. Ke2 Kxd4 $16) 56... Kc6 57. Rd8 $1 Ba5 $2 (57... Rxg2 58. Ke4 Rb2 59. d5+ Kb5) 58. Rd6+ Kb5 59. Rxf6 Rxb3+ 60. Ke4 Bc3 61. Ba7 Ba5 62. g3 Ka4 63. d5 Rb1 64. f4 Re1+ 65. Kf5 Rd1 66. Ke6 b5 67. Bc5 Rc1 68. Bd6 b4 69. Bxb4 Bxb4 {KRB-KR} 70. Rf5 Re1+ 71. Kf7 Re7+ 72. Kf6 Re3 $2 (72... gxf4 {was called for.} 73. gxf4 (73. Rxf4 Re3 $11) 73... Rd7) 73. Kxg5 $2 (73. fxg5 $18 Bc3+ 74. Kf7) 73... Rxg3 $11 74. Re5 Kb5 75. f5 Bd2+ 76. Kh5 {f6 is the strong threat.} Rh3+ 77. Kg6 {And now f6 would win.} Rh4 $2 {[%mdl 8192]} (77... Rh6+ $11 78. Kf7 Rh4) 78. Re4 $2 ({White has to play} 78. g5 $18) 78... Kc5 $14 79. f6 Kxd5 80. Ra4 Ke6 $2 {[%mdl 8192] [#]} (80... Ke5 $11) 81. f7 $1 $18 {[%cal Rf7f8]} Bh6 82. Ra6+ Ke7 83. Ra7+ (83. g5 $142 Bf8 84. Ra8 Rh8 85. Re8+ Kd6 86. Kf6 Kc6 87. g6 Kc5 88. Rxf8) 83... Ke6 {[#]} 84. g5 $1 {[%cal Rg5h6]} Bf8 85. Ra6+ Ke5 86. Ra8 Bd6 87. Re8+ Kf4 88. f8=Q+ Bxf8 89. Rxf8+ Ke5 90. Re8+ {White is clearly winning.} Kd6 91. Kf6 Rf4+ 92. Kg7 {Precision: White = 66%, Black = 38%.} 1-0

[Event "WYCC 2018 O16"]
[Site "Halkidiki"]
[Date "2018.10.22"]
[Round "4"]
[White "Peng, Hongchi"]
[Black "Schitco, Ivan"]
[Result "0-1"]
[WhiteElo "2273"]
[BlackElo "2376"]
[Annotator "NA"]
[PlyCount "72"]
[EventDate "2018.10.20"]
[EventType "swiss"]
[EventCountry "GRE"]
[SourceTitle "playchess.com"]
[Source "ChessBase"]
[SourceQuality "1"]
[TimeControl "40/5400+30:1800+30"]

1. e4 {[%emt 0:00:00]} d6 {[%emt 0:00:00]} 2. d4 {[%emt 0:00:00]} Nf6 {[%emt 0:00:00]} 3. f3 {[%emt 0:00:42]} c6 {[%emt 0:05:55]} 4. c4 {[%emt 0:01:56]} e5 {[%emt 0:02:13]} 5. Nc3 {[%emt 0:00:58]} Nbd7 {[%emt 0:00:57]} 6. Be3 {[%emt 0:01:12]} Be7 {[%emt 0:01:20]} 7. Qd2 {[%emt 0:01:25]} O-O {[%emt 0:00:53]} 8. g4 {[%emt 0:04:38]} exd4 {[%emt 0:09:16]} 9. Qxd4 {[%emt 0:02:43]} (9. Bxd4 $11 {remains equal.} Ne5 10. Be2) 9... a6 {[%emt 0:11:48]} 10. g5 {[%emt 0:05:26]} Nh5 {[%emt 0:04:08]} 11. f4 {[%emt 0:02:16]} Nc5 {[%emt 0:01:41]} 12. Qd2 {[%emt 0:12:56]} f5 {[%emt 0:12:08]} 13. Be2 {[%emt 0:09:41]} Qe8 {[%emt 0:01:44]} 14. Qd1 {[%emt 0:02:04]} Nxf4 {[%emt 0:19:16]} 15. Bxf4 {[%emt 0:00:15]} fxe4 {[%emt 0:00:04]} 16. Qd2 {[%emt 0:05:03]} Bg4 {[%emt 0:01:10]} 17. Be3 $19 {[%emt 0:08:15]} (17. O-O-O $17 {only move.} Bxe2 18. Ngxe2 Nd3+ 19. Kb1 Nxf4 20. Nxf4 Bxg5 21. Rhf1) 17... Nd3+ {[%emt 0:02:00]} 18. Bxd3 {[%emt 0:02:16]} exd3 {[%emt 0:00:07]} 19. h4 {[%emt 0:00:02]} d5 {[%emt 0:02:35]} 20. Qxd3 {[%emt 0:01:36]} Bc5 {[%emt 0:01:19]} 21. Nxd5 {[%emt 0:00:09]} Qe5 {[%emt 0:05:26]} 22. Ne2 {[%emt 0:03:24]} Rf3 {[%emt 0:03:06]} 23. Rf1 {[%emt 0:07:12]} Bb4+ {[%emt 0:08:29]} 24. Nec3 {[%emt 0:00:10]} cxd5 {[%emt 0:00:43]} 25. Rxf3 {[%emt 0:03:20]} Bxf3 {[%emt 0:00:01]} 26. Qd4 {[%emt 0:01:13]} Qh2 {[%emt 0:01:01]} 27. Bf2 {[%emt 0:00:13]} Re8+ {[%emt 0:00:11]} 28. Kd2 {[%emt 0:00:09]} Re2+ {[%emt 0:00:11]} 29. Kd3 {[%emt 0:00:31]} Qxf2 {[%emt 0:00:49]} 30. Qxf2 {[%emt 0:00:11]} Rxf2 {[%emt 0:00:10]} 31. Nxd5 {[%emt 0:00:50]} Rd2+ {[%emt 0:00:15]} 32. Ke3 {[%emt 0:00:15]} Bxd5 {[%emt 0:00:08]} 33. cxd5 {[%emt 0:00:06]} Rxd5 {[%emt 0:00:06]} 34. Ke4 {[%emt 0:00:05]} Rd2 {[%emt 0:00:27]} 35. b3 {[%emt 0:00:13]} Re2+ {[%emt 0:00:07]} 36. Kd5 {[%emt 0:00:19]} Re1 {[%emt 0:00:06]} 0-1

[Event "WYCC 2018 O16"]
[Site "Halkidiki"]
[Date "2018.10.22"]
[Round "4"]
[White "Thilakarathne, G M H"]
[Black "Teclaf, Pawel"]
[Result "1/2-1/2"]
[WhiteElo "2268"]
[BlackElo "2384"]
[Annotator "NA"]
[PlyCount "34"]
[EventDate "2018.10.20"]
[EventType "swiss"]
[EventCountry "GRE"]
[SourceTitle "playchess.com"]
[Source "ChessBase"]
[SourceQuality "1"]
[TimeControl "40/5400+30:1800+30"]

1. e4 {[%emt 0:00:00]} c5 {[%emt 0:00:00]} 2. Nf3 {[%emt 0:00:00]} e6 {[%emt 0:00:00]} 3. d4 {[%emt 0:00:09]} cxd4 {[%emt 0:00:00]} 4. Nxd4 {[%emt 0:00:07]} a6 {[%emt 0:00:00]} 5. c4 {[%emt 0:00:28]} Nf6 {[%emt 0:00:00]} 6. Nc3 {[%emt 0:00:08]} Bb4 {[%emt 0:00:04]} 7. Qd3 {[%emt 0:00:21]} O-O {[%emt 0:00:25]} 8. Be2 {[%emt 0:06:06]} d6 {[%emt 0:06:47]} 9. Nc2 {[%emt 0:06:16]} Bxc3+ $11 {[%emt 0:11:33]} 10. bxc3 {[%emt 0:00:16]} Nbd7 {[%emt 0:04:25]} 11. Ba3 {[%emt 0:26:40]} Nc5 {[%emt 0:06:03]} 12. Bxc5 {[%emt 0:00:17]} dxc5 {[%emt 0:00:04]} 13. e5 {[%emt 0:01:53]} Qxd3 {[%emt 0:12:09]} 14. Bxd3 {[%emt 0:00:30]} Nd7 {[%emt 0:00:04]} 15. f4 {[%emt 0:00:10]} f6 {[%emt 0:00:13]} 16. exf6 {[%emt 0:01:02]} Nxf6 {[%emt 0:00:22]} 17. O-O-O {[%emt 0:14:49]} Ng4 {[%emt 0:19:23]} 1/2-1/2

[Event "WYCC 2018 O16"]
[Site "Halkidiki"]
[Date "2018.10.22"]
[Round "4"]
[White "Nielsen, Andre"]
[Black "Shubin, Kirill"]
[Result "1/2-1/2"]
[WhiteElo "2260"]
[BlackElo "2369"]
[Annotator "NA"]
[PlyCount "99"]
[EventDate "2018.10.20"]
[EventType "swiss"]
[EventCountry "GRE"]
[SourceTitle "playchess.com"]
[Source "ChessBase"]
[SourceQuality "1"]
[TimeControl "40/5400+30:1800+30"]

1. e4 {[%emt 0:00:00]} e6 {[%emt 0:00:00]} 2. d4 {[%emt 0:00:00]} d5 {[%emt 0:00:00]} 3. Nc3 {[%emt 0:00:00]} Bb4 {[%emt 0:00:00]} 4. e5 {[%emt 0:00:10]} b6 {[%emt 0:00:00]} 5. Qg4 {[%emt 0:01:29]} Bf8 {[%emt 0:00:00]} 6. Bg5 {[%emt 0:01:12]} Qd7 {[%emt 0:00:00]} 7. O-O-O {[%emt 0:03:34]} h6 {[%emt 0:00:25]} 8. Be3 {[%emt 0:02:16] C16: Französische Verteidigung (Nimzowitsch-Variante)} Ba6 {[%emt 0:00:20]} 9. Nge2 {[%emt 0:08:43]} Ne7 $146 {[%emt 0:00:17]} ({Vorgänger:} 9... Nc6 10. f4 O-O-O 11. Qf3 Na5 12. g4 h5 13. h3 g6 14. Kb1 Ne7 15. b3 {½-½ (26) Hjartarson,J (2640)-Berezovsky,I (2444) Germany 2003}) 10. Ng3 {[%emt 0:01:41]} Bxf1 {[%emt 0:00:33]} 11. Rhxf1 {[%emt 0:00:25]} Nbc6 {[%emt 0:04:17]} 12. Kb1 {[%emt 0:06:48]} Na5 {[%emt 0:00:57]} 13. Bc1 {[%emt 0:04:13]} O-O-O {[%emt 0:11:23]} 14. Qf3 {[%emt 0:10:31]} Qe8 {[%emt 0:00:18]} 15. b3 {[%emt 0:04:22]} Nb7 {[%emt 0:04:05]} 16. Nh5 {[%emt 0:08:49]} Kb8 {[%emt 0:05:55]} 17. Qe2 {[%emt 0:02:47]} Rc8 {[%emt 0:05:32]} 18. f4 {[%emt 0:03:08]} c5 {[%emt 0:08:12]} 19. Bb2 {[%emt 0:01:11]} c4 {[%emt 0:18:01]} 20. g4 $14 {[%emt 0:07:05]} Nc6 {[%emt 0:05:55]} 21. f5 {[%emt 0:04:37]} Nca5 {[%emt 0:01:21]} 22. Rf3 {[%emt 0:00:42]} g6 {[%emt 0:01:12]} 23. Nf4 {[%emt 0:02:11]} Bb4 {[%emt 0:03:18]} 24. Qe3 {[%emt 0:01:25]} Bxc3 {[%emt 0:02:17]} 25. Bxc3 {[%emt 0:00:38]} cxb3 {[%emt 0:00:41]} 26. axb3 {[%emt 0:02:27]} gxf5 {[%emt 0:01:03]} 27. gxf5 {[%emt 0:00:20]} Qc6 {[%emt 0:00:46]} 28. fxe6 {[%emt 0:02:10]} fxe6 {[%emt 0:00:02]} 29. Ng6 {[%emt 0:00:55]} Rh7 {[%emt 0:00:36]} 30. Rd2 {[%emt 0:04:22]} Rhc7 {[%emt 0:06:23]} 31. Bb4 {[%emt 0:01:37]} Qb5 {[%emt 0:00:55]} 32. Bd6 Nxd6 {[%emt 0:02:39]} 33. exd6 {[%emt 0:01:13]} Rd7 {[%emt 0:00:15]} 34. Qxh6 {[%emt 0:06:13]} Rxd6 {[%emt 0:02:52]} 35. Rf8 {[%emt 0:02:04]} Rd7 {[%emt 0:05:31]} 36. Ne5 {[%emt 0:01:07]} Rdc7 {[%emt 0:01:51]} 37. Rxc8+ {[%emt 0:00:39]} Rxc8 {[%emt 0:00:04]} 38. Qxe6 {[%emt 0:05:01]} Nxb3 {[%emt 0:01:13]} 39. Qd6+ {[%emt 0:00:41]} Kb7 {[%emt 0:00:14]} 40. cxb3 {[%emt 0:00:00]} Qxb3+ {[%emt 0:00:00]} 41. Rb2 {[%emt 0:01:00]} Qd1+ {[%emt 0:00:09]} 42. Ka2 {[%emt 0:00:20]} Qxd4 {[%emt 0:00:07]} 43. Rg2 {[%emt 0:21:04]} Rc7 {[%emt 0:07:06]} 44. h4 {[%emt 0:01:26]} Qa4+ {[%emt 0:03:43]} 45. Qa3 {[%emt 0:04:41]} Qxh4 {[%emt 0:00:32]} 46. Nd3 {[%emt 0:02:00]} Qd4 {[%emt 0:00:15]} 47. Rb2 {[%emt 0:01:21]} a5 {[%emt 0:01:11]} 48. Rb3 {[%emt 0:00:38]} Rc2+ {[%emt 0:01:38]} 49. Nb2 {[%emt 0:00:40]} Ka6 {[%emt 0:01:13]} 50. Rxb6+ {[%emt 0:00:54]} 1/2-1/2

[Event "WYCC 2018 O16"]
[Site "Halkidiki"]
[Date "2018.10.22"]
[Round "4"]
[White "Mukhutdinov, Tigran"]
[Black "Guerra Rivera, Salvador"]
[Result "1-0"]
[WhiteElo "2256"]
[BlackElo "2340"]
[Annotator "NA"]
[PlyCount "89"]
[EventDate "2018.10.20"]
[EventType "swiss"]
[EventCountry "GRE"]
[SourceTitle "playchess.com"]
[Source "ChessBase"]
[SourceQuality "1"]
[TimeControl "40/5400+30:1800+30"]

1. e4 {[%emt 0:00:00]} c5 {[%emt 0:00:00]} 2. Nc3 {[%emt 0:00:39]} g6 {[%emt 0:01:42]} 3. f4 {[%emt 0:01:35]} Bg7 {[%emt 0:02:11]} 4. Nf3 {[%emt 0:00:53]} Nc6 {[%emt 0:01:05]} 5. Bc4 {[%emt 0:03:07]} e6 {[%emt 0:06:54]} 6. O-O {[%emt 0:06:29]} Nge7 {[%emt 0:01:37]} 7. d3 {[%emt 0:03:01]} d5 {[%emt 0:05:20]} 8. Bb3 {[%emt 0:08:57]} O-O {[%emt 0:01:41]} 9. Qe1 {[%emt 0:01:08]} a6 $11 {[%emt 0:10:30] LiveBook: 8 Games} 10. Qh4 {[%emt 0:14:39]} b5 {[%emt 0:18:51]} 11. f5 {[%emt 0:08:16]} dxe4 {[%emt 0:01:15]} 12. Ng5 {[%emt 0:10:28]} h6 {[%emt 0:06:58]} 13. f6 {[%emt 0:13:07]} hxg5 {[%emt 0:10:58]} 14. Bxg5 {[%emt 0:01:20]} Nf5 {[%emt 0:06:36]} 15. Rxf5 {[%emt 0:02:33]} gxf5 {[%emt 0:00:11]} 16. Kh1 {[%emt 0:05:33]} Qd4 {[%emt 0:02:27]} 17. Ne2 {[%emt 0:04:42]} Qxb2 {[%emt 0:00:45]} 18. Rf1 {[%emt 0:01:07]} e3 {[%emt 0:13:27]} 19. d4 {[%emt 0:01:20]} Bh8 {[%emt 0:00:32]} 20. Qg3 {[%emt 0:00:37]} Rd8 {[%emt 0:00:17]} 21. Bh6+ {[%emt 0:00:14]} Kh7 {[%emt 0:00:07]} 22. Bg7 {[%emt 0:00:37]} Kg8 {[%emt 0:01:49]} 23. Bxh8+ {[%emt 0:00:52]} Kf8 {[%emt 0:00:03]} 24. Qg7+ {[%emt 0:00:04]} Ke8 {[%emt 0:00:05]} 25. Qg8+ {[%emt 0:00:03]} Kd7 {[%emt 0:00:05]} 26. Qxf7+ {[%emt 0:00:19]} Kd6 {[%emt 0:00:04]} 27. Bg7 {[%emt 0:02:20]} Bd7 {[%emt 0:04:15]} 28. dxc5+ {[%emt 0:02:01]} Kxc5 {[%emt 0:00:15]} 29. Bh6 {[%emt 0:01:09]} Qe5 {[%emt 0:01:10]} 30. Bf4 {[%emt 0:00:06]} Qe4 {[%emt 0:01:47]} 31. Nc3 {[%emt 0:00:47]} Qd4 {[%emt 0:00:18]} 32. Ne2 {[%emt 0:01:37]} Qd2 {[%emt 0:00:09]} 33. Nc1 {[%emt 0:01:12]} e2 {[%emt 0:00:45]} 34. Rg1 {[%emt 0:00:30]} e1=Q {[%emt 0:01:17]} 35. Nd3+ {[%emt 0:00:12]} Qxd3 {[%emt 0:00:05]} 36. cxd3 {[%emt 0:00:03]} Qe2 {[%emt 0:01:04]} 37. Bc7 {[%emt 0:00:24]} Ne5 {[%emt 0:01:08]} 38. Qe7+ {[%emt 0:00:26]} Kc6 {[%emt 0:00:42]} 39. Qd6+ {[%emt 0:00:20]} Kb7 {[%emt 0:00:03]} 40. Qb6+ {[%emt 0:00:00]} Kc8 {[%emt 0:00:00]} 41. Bxd8 {[%emt 0:00:20]} Ra7 {[%emt 0:01:59]} 42. Qxa7 {[%emt 0:00:56]} Kxd8 43. Qb8+ {[%emt 0:00:07]} Bc8 {[%emt 0:00:04]} 44. Bxe6 {[%emt 0:00:37]} Nd7 {[%emt 0:00:50]} 45. Qd6 {[%emt 0:00:23]} 1-0

[Event "WYCC 2018 O16"]
[Site "Halkidiki"]
[Date "2018.10.22"]
[Round "4"]
[White "Juksta, Karolis"]
[Black "Morgunov, Daniel"]
[Result "1-0"]
[WhiteElo "2234"]
[BlackElo "2328"]
[Annotator "NA"]
[PlyCount "45"]
[EventDate "2018.10.20"]
[EventType "swiss"]
[EventCountry "GRE"]
[SourceTitle "playchess.com"]
[Source "ChessBase"]
[SourceQuality "1"]
[TimeControl "40/5400+30:1800+30"]

1. d4 {[%emt 0:00:00]} Nf6 {[%emt 0:00:00]} 2. c4 {[%emt 0:00:00]} e6 {[%emt 0:00:00]} 3. Nc3 {[%emt 0:00:00]} Bb4 {[%emt 0:00:00]} 4. f3 {[%emt 0:00:44]} d5 {[%emt 0:00:17]} 5. a3 {[%emt 0:00:06]} Bd6 {[%emt 0:00:10]} 6. e4 {[%emt 0:00:31]} c5 {[%emt 0:00:06]} 7. cxd5 {[%emt 0:18:40]} cxd4 {[%emt 0:01:00]} 8. Bb5+ {[%emt 0:13:28]} Bd7 {[%emt 0:00:38]} 9. Bxd7+ {[%emt 0:04:43]} Qxd7 {[%emt 0:02:17]} 10. Qxd4 {[%emt 0:00:14]} exd5 {[%emt 0:01:24]} (10... Nc6 $1 $11 {keeps the balance.} 11. Qd1 (11. dxc6 $2 Bg3+ 12. hxg3 Qxd4 $19) 11... exd5) 11. exd5 {[%emt 0:03:04]} (11. Nxd5 $16 Qe6 12. Nxf6+ gxf6 13. Ne2) 11... O-O {[%emt 0:07:43]} 12. Nge2 {[%emt 0:00:37]} Re8 {[%emt 0:20:04]} 13. O-O {[%emt 0:10:03]} Nxd5 {[%emt 0:12:44]} 14. Qxd5 {[%emt 0:07:19]} Rxe2 {[%emt 0:00:12]} 15. Rd1 {[%emt 0:00:24]} Re6 $18 {[%emt 0:01:42]} 16. Ne4 {[%emt 0:00:31]} Qe7 {[%emt 0:40:28]} 17. Bg5 {[%emt 0:06:06]} f6 {[%emt 0:02:06]} 18. Nxd6 {[%emt 0:01:45]} fxg5 {[%emt 0:00:47]} 19. Ne4 {[%emt 0:07:10]} Kh8 {[%emt 0:03:25]} 20. Nxg5 {[%emt 0:00:37]} Rf6 {[%emt 0:01:10]} 21. Qxb7 {[%emt 0:01:08]} Qc5+ {[%emt 0:03:05]} 22. Kh1 {[%emt 0:00:20]} Rf8 {[%emt 0:00:22]} 23. Ne6 {[%emt 0:00:43]} 1-0

[Event "WYCC 2018 O16"]
[Site "Halkidiki"]
[Date "2018.10.22"]
[Round "4"]
[White "Lund, Gunnar"]
[Black "Vlachos, Anatole"]
[Result "1/2-1/2"]
[WhiteElo "2227"]
[BlackElo "2435"]
[Annotator "TA"]
[PlyCount "73"]
[EventDate "2018.10.20"]
[EventType "swiss"]
[EventCountry "GRE"]
[SourceTitle "playchess.com"]
[Source "ChessBase"]
[SourceQuality "1"]

{[%evp 9,73,8,15,13,13,4,0,-3,36,0,0,0,13,-20,-25,-40,-34,-64,-7,-4,0,-33,0,-22,13,-46,-6,-18,0,0,0,-29,-5,-25,-34,-83,0,0,0,16,36,20,58,48,120,117,100,73,83,81,113,71,97,77,96,97,85,83,100,36,120,0,97,0,105,0]} 1. d4 e6 2. Nf3 f5 3. Bg5 Nf6 4. h4 (4. Nbd2 Be7 5. e3 b6 6. Bd3 Bb7 7. Bxf6 Bxf6 8. e4 fxe4 9. Bxe4 d5 10. Bd3 O-O 11. O-O Nc6 12. c3 Qd6 13. Re1 {0-1 (36) Andreikin,D (2705)-Kamsky,G (2676) Sochi 2017}) 4... h6 5. Bxf6 Qxf6 6. h5 $146 {A80: Dutch Defence: Unusual White second moves} ({Predecessor:} 6. e3 Nc6 7. Nbd2 Be7 8. Bb5 a6 9. Bxc6 dxc6 10. Ne5 {½-½ (28) Tittarelli,A (1058)-Torfs,G (860) LSS email 2011}) 6... c5 7. e3 Nc6 8. Bb5 {The position is equal.} Bd6 9. Nc3 (9. d5 $5 {[%cal Rd5c6]} Qxb2 10. dxc6 Qxa1 11. O-O bxc6 12. Qxd6 cxb5 13. Na3 $15) 9... cxd4 10. exd4 a6 11. Be2 (11. Bxc6 $5 bxc6 12. Na4 $11) 11... Ne7 12. Qd3 b5 {[%cal Bb7b5,Bb5b4,Bb4c3,Bc3b2][%mdl 32]} 13. O-O-O Bb7 (13... Ra7 $15) 14. Ne5 $1 $11 b4 15. Bf3 (15. Na4 {looks sharper.} Qg5+ 16. Kb1 Be4 17. Qb3 Bxe5 18. dxe5 Qxg2 19. Nb6) 15... bxc3 16. Bxb7 Rb8 17. Qxa6 (17. f4 $1 $11) 17... Bxe5 $15 18. dxe5 cxb2+ 19. Kb1 Qxe5 20. Bf3 Qc7 21. Qa4 Rd8 22. Qd4 O-O (22... Kf7 $17 {...d5 is the strong threat.} 23. Rd3 Rc8 24. Qxb2 Qa7) 23. Qd6 $1 $36 {[%cal Rd6c7][%mdl 2048] White has the initiative.} Rc8 {[%csl Gc8][%cal Rc7c2] [#]} 24. Rd2 Qc3 {White must now prevent ...Rc7.} 25. Rhd1 Nc6 26. Qxd7 Na5 ({Black should try} 26... Nd8 $14) 27. Qxe6+ $16 Kh8 28. Qe3 {Strongly threatening Qxc3.} Qc7 29. Bd5 Rfe8 30. Qg3 {Threatens to win with Qxc7.} f4 31. Qg6 {[#] Hoping for Rd4.} Nc4 32. Bxc4 $1 Qxc4 33. Rd7 {[%csl Gd7][%cal Rg6g7]} Qc3 34. Qd3 (34. g4 $16 {aiming for g5.} fxg3 35. fxg3) 34... Qc6 (34... Qc5 $1 $14) 35. Qg6 {[%csl Gd7][%cal Rg6g7]} Qc3 36. Qd3 Qc6 37. Qg6 {Precision: White = 38%, Black = 41%.} (37. f3 $16) 1/2-1/2